|
|
แสดงรายละเอียดบรรณานุกรม |
|
|
Brief Record
: Get Marc (ISO 2709)
: E-mail record
: |
| LEADER 00000nama 2200000uu 4500 | |||
| 008 040531s2545 th m m a000 0 tha d | |||
| 020 974-272-231-5 | |||
| 041 tha | |||
| 050 รส พ239ส | |||
| 100 พรทิพย์ โรจนสุนันท์ | |||
| 245 สืบจากศพ 003 | |||
| 250 24 | |||
| 260 กรุงเทพฯ คลินิกบ้านและสวน 2545 | |||
| 300 127 หน้า | |||
| 650 นิติเวชวิทยา | |||
| 998 2002-08-14 | |||
| คุณยังไม่ได้ล็อกอิน คุณสามารถมีกิจกรรมร่วมกับเว็บไซต์ได้ แต่ต้องล็อกอินก่อน :: |
|
| สถานะ | |||||||||
| 1. | หนังสือทั่วไป | รส พ239ส 2545 | On Shelf ขอยืม | ||||||
| [แสดง 1/1 รายการ] | |||||||||
| รายการใกล้เคียง หัวเรื่อง [นิติเวชวิทยา]
|
BibComment |
| คอมเมนท์ทรัพยากรรายการนี้ |
|
|